Statistics for Match the opposite color

Click here to take the quiz!

General Stats

  • This quiz has been taken 65 times
  • The average score is 3 of 8

Answer Stats

HintAnswer% Correct
WhiteBlack
98%
BlackGrey
35%
YellowGreen
33%
OrangeYellow
25%
PurpleRed
23%
BrownOrange
18%
RedPink
18%
PurpleBlue
15%

Score Distribution

Percentile by Number Answered

Percent of People with Each Score

Your Score History

You have not taken this quiz